Language Quiz

Random Language or Anatomy Quiz

Body Language Quiz Stats

Quiz Updated Dec 21, 2017

Challenge
Share
Tweet
Embed
Score 0/26 Timer 08:00
0 Plays Today
% Correct
Eye
98.4%
Teeth
98.4%
Heart
98.3%
Mouth
96.5%
Nose
93.4%
Breasts
90.5%
Skin
90.3%
Foot
88.3%
Stomach
88.3%
Brain
85.7%
Tongue
85.5%
Buttocks
84.6%
Chest
84.1%
% Correct
Lungs
83.4%
Finger or Toe
82.3%
Rectum
81.8%
Hand
79.7%
Back
76.8%
Liver
72.9%
Ear
70.7%
Jaw
69.8%
Bone
65.9%
Throat
56.4%
Bladder
50.4%
Head
49.3%
Cheeks
46%

You're not logged in!

Compare scores with friends on all Sporcle quizzes.
Sign Up with Email
OR
Log In

You Might Also Like...

Show Comments

Extras

Top Quizzes Today


Score Distribution

Your Account Isn't Verified!

In order to create a playlist on Sporcle, you need to verify the email address you used during registration. Go to your Sporcle Settings to finish the process.